000
00275nam a22001097a 4500
082
_a
629.1324 PEN'B
100
_a
PENROSE, HAROLD
_9
79096
245
_a
BRITISH AVIATION THE GREAT WAR AND ARMISTICE 1915-1919
260
_a
LONDON
_b
PUTMAN
_c
1969
300
_a
620P
942
_c
BK
999
_c
584159
_d
584159